| 000 | 00609nam a2200229Ia 4500 | ||
|---|---|---|---|
| 003 | OSt | ||
| 005 | 20220924150136.0 | ||
| 006 | a|||||r|||| 00| 0 | ||
| 007 | ta | ||
| 008 | 220923b |||||||| |||| 00| 0 per d | ||
| 024 | _a331891 | ||
| 037 | _cTextual | ||
| 040 |
_aARTS _cARTS _bper |
||
| 041 |
_2per _aper |
||
| 082 | _aV45:1.D62, 164M0 | ||
| 100 |
_aBayat Azeezullah Au. _9221325 |
||
| 245 | 0 | _aKulliyat-e-tareekh-e-tamaddun-e-Iran | |
| 260 | _c1980 | ||
| 650 | _aIRAN - HISTORY | ||
| 942 |
_hV45:1.D62, 164M0 _cTEXL _2CC |
||
| 999 |
_c462282 _d462282 |
||